00465nam a22001457a 4500003000400000005001700004008004100021040000800062082001500070100001700085245014000102260005400242300001200296650001100308OSt20180913205041.0180913b ||||| |||| 00| 0 eng d cDLC a262bH393S aHawkins,O.S. aShields of brass or shields of gold? : breestablishing a standard of excellence in the church of the Lord Jesus ChristcBy O.S.Hawkins aTexas,USA :bInternational Bible Society,cc1998. a191 p.: aChurch